Which city are these football clubs located in? - Statistics

General Stats
  • This quiz has been taken 41 times
  • The average score is 12 of 15
Answer Stats
Hint Answer % Correct
Fulham London
100%
Espanyol Barcelona
97%
Aston Villa Birmingham
95%
Köln Cologne
95%
Everton Liverpool
95%
Juventus Turin
95%
Lazio Rome
92%
ACF Fiorentina Florence
90%
Rangers Glasgow
87%
Queens Park Rangers London
87%
Sporting CP Lisbon
79%
Real Betis Seville
67%
St Pauli Hamburg
59%
Osasuna Pamplona
31%
Go Ahead Eagles Deventer
18%
No matching quizzes found
Score Distribution
Percent of People with Each Score
Percentile by Number Answered
Your Score History
You have not taken this quiz